Statystyki dla Państwa, które kończą się na „-Stan" - quiz na mapie

Kliknij tutaj aby rozwiązać quiz!

Ogólne statystyki

  • Ten quiz został rozwiązany 13 978 razy
  • Średni wynik to 5 z 7

Odpowiedzi na mapie

Odpowiedzi skodowane kolorowo w zielono-czerwonej skali na mapie do tego quizu, zgodnie z poniższymi procentami.
 

Statystyki odpowiedzi

Odpowiedź% Poprawnych
Kazachstan
89%
Pakistan
75%
Afganistan
69%
Kirgistan
67%
Tadżykistan
62%
Uzbekistan
56%
Turkmenistan
55%

Rozkład punktacji

Percentyl według liczby udzielonych odpowiedzi

Procent ludzi z każdym wynikiem

Twoja historia wyników

Nie rozwiązałeś tego quizu